Elementos de cálculo infinitesimal /
Guardado en:
| Autor Principal: | |
|---|---|
| Otros Autores: | |
| Formato: | Libro |
| Idioma: | Spanish English |
| Publicado: |
México ; Buenos Aires :
Unión tipográfica editorial hispano-americana,
c1945.
|
| Materias: | |
| Etiquetas: |
Agregar Etiqueta
Sin Etiquetas, Sea el primero en etiquetar este registro!
|
| LEADER | 00792nam a22002175a 4500 | ||
|---|---|---|---|
| 001 | EIQ.libpla000236 | ||
| 008 | 051109s1945####ag#a##########001#0#spa#d | ||
| 005 | 20060510194521.0 | ||
| 245 | 1 | 0 | |a Elementos de cálculo infinitesimal / |c H. B. Phillips; traducción al castellano Teodoro Ortiz R. |
| 260 | |a México ; |a Buenos Aires : |b Unión tipográfica editorial hispano-americana, |c c1945. | ||
| 300 | |a 398 p. : |b il. ; |c 18 cm. | ||
| 500 | |a Incluye índice. | ||
| 100 | 1 | |a Phillips, H.B, |d 1881- |q (Henry Bayard) | |
| 700 | 1 | |a Ortiz, Teodoro, |e tr. | |
| 650 | 4 | |a Cálculo |x Elementos. | |
| 650 | 4 | |a Matemática |x Cálculo. | |
| 650 | 4 | |a Mathematics |x Calculus | |
| 650 | 4 | |a Calculus |x Elements. | |
| 040 | |a AR-BbSID |b spa |c AR-BbSID | ||
| 041 | 1 | |a spa |h eng | |
| 859 | |a AR-BbSID |b BIB. PLAPIQUI |h 515.15 |i Phi 53 |p 4642 | ||
